عرض عادي عرض مارك
  • British Broadcasting Corporation

مدخل إسم هيئة

عدد التسجيلات المستخدمة في: 1

001 - رقم الضبط

  • حقل الضبط: 44930

003 - معرف رقم الضبط

  • حقل الضبط: OSt

005 - تاريخ ووقت أخر عملية

  • حقل الضبط: 20140513170310.0

008 - عناصر بيانات ثابتة الطول

  • حقل تحكم ثابت الطول: 140513|||a|||||| | ||| d

040 ## - مصدر الفهرسة

  • هيئة الفهرسة الأصلية: OSt
  • وكالة الكتابة: OSt

110 ## - مدخل -- أسم شخص

  • اسم الهيئه او اسم السلطه كعنصر مدخل: British Broadcasting Corporation
  • تفريع عام: History
  • تقسيم فرعي تاريخي: 21st century

670 ## - بيانات المصدر موجوده

  • الاستشهاد بالمصدر: Work cat.: (OSt)0: Analysing twenty-first Century British English :, 2013